00578nam a2200157Ia 4500003000900000008004100009040001600050080001600066100001900082245020400101260001700305300001000322650004100332650002400373650002300397IN-BaIIA211028s9999 xx 000 0 eng d cIIA Library a521.15bKIL aKiladze, R. I. 4aThe current understanding of rotation of planets as a result of the development of near-planetary showers of small particles (in Russian)cR. I. Kiladze  aMoscowc1986 a244p. aAstronomy and Astrophysics Thesaurus aCelestial mechanics aPlanetary rotation